Effectif actuel de l'Équipe de France de Football - Statistiques

Statistiques générales
  • Ce quiz a été pris 96 fois
    18 depuis la dernière actualisation
  • Le résultat moyen est 18 sur 23
Statistiques - réponses
Poste Club Joueur % Correct
Défenseur FC Barcelone Jules Koundé
100%
Attaquant Real Madrid Kylian Mbappé
100%
Défenseur Bayern Munich Dayot Upamecano
93%
Gardien Paris Saint-Germain Lucas Chevalier
93%
Défenseur Paris Saint-Germain Lucas Hernandez
93%
Gardien AC Milan Mike Maignan
93%
Milieu de Terrain Real Madrid Eduardo Camavinga
87%
Défenseur Liverpool FC Ibrahima Konaté
87%
Défenseur Al-Hilal Théo Hernandez
87%
Milieu de Terrain AC Milan Adrien Rabiot
80%
Milieu de Terrain Juventus FC Khéphren Thuram
80%
Attaquant Bayern Munich Michael Olise
80%
Défenseur Arsenal FC William Saliba
80%
Gardien Stade Rennais Brice Samba
73%
Attaquant Liverpool FC Hugo Ekitiké
73%
Attaquant Al-Nassr FC Kingsley Coman
73%
Défenseur Aston Villa Lucas Digne
67%
Défenseur Chelsea FC Malo Gusto
67%
Milieu de Terrain AS Rome Manu Koné
67%
Attaquant RC Lens Florian Thauvin
60%
Attaquant AC Milan Christopher Nkunku
53%
Attaquant Crystal Palace Jean-Philippe Mateta
53%
Attaquant AS Monaco Maghnes Akliouche
53%
Aucun quiz correspondant
Distribution des résultats
% des personnes avec chaque résultat
Percentile par nombre de réponses
Votre historique - résultats
Vous n’avez pas pris ce quiz depuis la dernière actualisation